000 00621nam a22002292 4500
001 26886
003 BD-RjUL
005 20211209051100.0
008 140324s1968 pk 000 0 eng d
035 _a(BD-RjUL)26957
040 _aHIR
_cHIR
_dEQO
_dBD-RjUL
_beng
041 _aeng
082 _a320.95491
_223
_bMAP 1968
100 1 _aMahmood, Safdar
_982629
245 1 0 _aPakistan affairs /
_cSafdar Mahmood.
250 _a2nd ed.
260 _aLahore :
_bPublishers United,
_c1968.
300 _a204 p. ;
_c22 cm.
651 0 _aPakistan.
_xPolitics and government.
_982630
942 _2ddc
_cBK
999 _c26886
_d26886